000
00461nam a2200145Ia 4500
008
100122s9999 xx 000 0 und d
082
_b
6666
_a
823
100
_a
आपटे ना ह
245
_a
त्या अबला होत्या
260
_b
आपटे आणि मंडळी
_c
1949
300
_a
262
630
_a
त्या अबला होत्या
730
_a
त्या अबला होत्या
942
_c
BOOK
999
_c
399629
_d
399626